| 000 | 00826cam a22002771 4500 | ||
|---|---|---|---|
| 999 |
_c4776 _d4776 |
||
| 001 | 4776 | ||
| 003 | BD-JhCC | ||
| 005 | 20171203175350.0 | ||
| 008 | 710506s1968 enkabcf b 000 0 eng | ||
| 020 | _a0436233800 | ||
| 035 | _a(BD-JhCC) 4776 | ||
| 040 |
_aDLC _cDLC _dDLC |
||
| 041 | _aeng | ||
| 050 | 0 | 0 |
_aDS127.2 _b.K5 |
| 082 | 0 | 0 |
_a956 _bKIM 1968 |
| 100 | 1 | _aKimche, David. | |
| 245 | 1 | 4 |
_aThe sandstorm : _bthe Arab-Israeli war of June 1967: prelude and aftermath / _cDavid Kimche and Dan Bawley. |
| 260 |
_aLondon, _bSecker & Warburg, _c1968. |
||
| 300 |
_a319 p. _b4 plates, illus., maps, ports. _c23 cm. |
||
| 350 | _a35/- | ||
| 504 | _aBibliographical footnotes. | ||
| 650 | 0 |
_aIsrael-Arab War, 1967 _xDiplomatic history. |
|
| 700 | 1 |
_aBawley, Dan, _d1929- |
|
| 942 |
_2ddc _cBK |
||